| 000 | 01155cam a22002651i 4500 | ||
|---|---|---|---|
| 003 | SA-RiAUC | ||
| 005 | 20241027134133.0 | ||
| 008 | 241024s2002 jo g b 00000 ara c | ||
| 040 |
_aOQUL _bara _cSA-RiAUC. _erda |
||
| 082 | 0 | 4 | _a251 |
| 090 |
_a251 _b ا ب ن ج |
||
| 100 | 1 |
_aابن جزي الكلبي، محمد بن أحمد بن محمد، _d693-741 هجري _eمؤلف. |
|
| 245 | 1 | 0 |
_aتقريب الوصول إلى علم الأصول / _cلأبي القاسم محمد بن أحمد بن محمد بن جزي ؛ دراسة وتحقيق عبد الله محمد الجبوري. |
| 264 | 1 |
_aإربد، الأردن : _bدار النفائس، _c2002 |
|
| 300 |
_a175 صفحة ؛ _c24 سم |
||
| 336 |
_aنص _btxt _2rdacontent _3كتاب |
||
| 337 |
_aبدون وسيط _bn _2rdamedia |
||
| 338 |
_aمجلد _bnc _2rdacarrier |
||
| 504 | _aببليوجرافية : صفحة 163-166. | ||
| 650 | 7 |
_aأصول الفقه الإسلامي _2aucsh |
|
| 700 | 1 |
_aالجبوري، عبد الله محمد، _d1939- _eمحقق. |
|
| 942 |
_2ddc _cBOOK _n0 |
||
| 949 |
_aSA-JeALM _d241024 _ukhaled123 _n1 |
||
| 999 |
_c1762 _d1762 |
||